00855 2200205 4500001002100000005001500021035002000036007000300056008004100059020001800100082001100118084001700129100002400146245005400170250001100224260003500235300002100270520034200291990001600633INLIS00000000000013020260520011631 a0010-0526000018ta260520 b 0 ind  a9786020759425 a297.09 a297.09 BUN t0 aBunda Ary Indriyani1 aTempat - Tempat Bersejarah /cBunda Ary Indriyani aCet. I aBandung :bCordoba Kids,cs.a. a21 hlm. :bIlus. aBuku anak Tempat-Tempat Bersejarah mengenalkan berbagai tempat penting dalam sejarah Islam yang memiliki nilai perjuangan dan perkembangan dakwah. Dengan bahasa sederhana dan menarik untuk anak, buku ini mengajarkan pengetahuan sejarah, rasa kagum terhadap peradaban Islam, serta pentingnya menjaga dan menghargai peninggalan bersejarah. a00000000149